Géographie Asiatique - Décodeur - Statistiques

Statistiques générales
  • Ce quiz a été pris 47 fois
  • Le résultat moyen est 12 sur 18
Statistiques - réponses
Lettres Indice Réponse % Correct
Indice I Pays d’Asie du Sud-Est avec la plus grande population musulmane au monde. Indonésie
93%
Indice N Ville japonaise frappée par une bombe atomique en 1945. Nagasaki
93%
Indice E “Toit du monde” Everest
88%
Indice R Capitale du Royaume d’Arabie Saoudite. Riyad
88%
Indice D Ville abritant le Burj Khalifa. Dubaï
85%
Indice A Premier pays par ordre alphabétique Afghanistan
80%
Indice B Petit royaume himalayen célèbre pour mesurer le bonheur national brut. Bhoutan
80%
Indice G Grand fleuve sacré d’Asie du Sud qui traverse l’Inde avant d’atteindre le Bangladesh. Gange
78%
Indice W Grande ville chinoise devenue célèbre au début du Covid-19. Wuhan
78%
Indice S Vaste région russe en Asie. Sibérie
73%
Indice R Mer intercontinentale célèbre pour sa salinité élevée et ses récifs coralliens. Mer {Rouge}
68%
Indice E Fleuve qui a vu naître Babylone et l’ancienne Mésopotamie. Euphrate
66%
Indice B Lac le plus profond du monde, célèbre pour sa clarté et sa faune unique. Lac {Baïkal}
59%
Indice A Temple emblématique du Cambodge, célèbre pour son architecture khmère et ses bas-reliefs. {Angkor} Vat
49%
Indice A Volcan biblique de Turquie souvent associé à l’arche de Noé. Mont {Ararat}
41%
Indice N Capitale moderne du Myanmar, connue pour être désertique. Naypyidaw
41%
Indice A Le Taj Mahal s'y trouve. Agra
34%
Lieu Bandar Seri Begawan
32%
Aucun quiz correspondant
Distribution des résultats
% des personnes avec chaque résultat
Percentile par nombre de réponses
Votre historique - résultats
Vous n’avez pas pris ce quiz